000 00341 a2200157 4500
001 184421
020 _a
040 _cMagnum
100 _aVigna, Elvira
240 1 0 _aProblemas com o cachorro?
_lpor
245 1 0 _aProblemas com o cachorro?
300 _a
440 1 _aMiguilim
697 _aLITERATURA INFANTO-JUVENIL
942 _cBK
999 _c184421
_d184421